000
00266nam a22001217a 4500
041
_a
ENG
100
_a
Reese ,C
245
_a
Accident / Incident Prevention Techniques
260
_a
New Your
_b
CRS Press
_c
2012
300
_a
594
650
_a
FMP
856
_u
FMP ( 04 )
999
_c
1455
_d
1455